00786 2200253 4500001002100000005001500021035002000036007000300056008004100059020002200100082001200122084001800134100001500152245013200167250000600299260004400305300006800349650002100417600003000438990001600468990001600484990001600500990001600516INLIS00000000000305420250901094758 a0010-0925000065ta250901 g 0 ind  a978-602-02-5099-1 a307.720 a307.720 YAN r0 aYansen TP.1 aRevolusi dari Desa :bSaatnya dalam Pembangunan Percaya Sepenuhnya Kepada Rakyat /cYansen TP. (Penulis); Dodi Mawardi (Editor) a- aJakarta :bElex Media Komputindo,c2014 axxviii; 194 Halaman :bIlustrasi Berwarna; teks; tabel ;c23 cm 4aPembangunan Desa 4aDesa Malinau (Kalimantan) a00000006639 a00000004083 a00000006508 a00000006509